| 000 | 01614nam a2200469 i 4500 | ||
|---|---|---|---|
| 001 | 3567 | ||
| 003 | KOSZ 005 | ||
| 005 | 20200424140935.0 | ||
| 008 | s1986 pl f |000 0 pol d | ||
| 040 |
_cKOSZ 005 _aKOSZ 005 _dKOSZ 005/AR |
||
| 041 | 0 | _apol | |
| 044 | _apl | ||
| 046 | _k1986 | ||
| 080 | _a519.8 | ||
| 080 | _a519.87 | ||
| 080 | _a519.24 | ||
| 080 | _a(075.8) | ||
| 100 | 1 |
_aSiudak, Marek _d(1947-2000) _eAutor |
|
| 245 | 0 |
_aBadania operacyjne. _cMarek Siudak. _nZ. 2 / |
|
| 260 |
_aWarszawa : _bWydawnictwa Politechniki Warszawskiej, _c1986. |
||
| 300 |
_a335 stron : _bilustracje, errata ; _c24 cm. |
||
| 336 |
_aTekst _btxt _2rdacontent |
||
| 337 |
_aBez urządzenia pośredniczącego _bn _2rdamedia |
||
| 338 |
_aWolumin _2nc _3rdacarrier |
||
| 380 | _aKsiążki | ||
| 380 | _aPublikacje dydaktyczne | ||
| 380 | _aPublikacje naukowe | ||
| 388 | _a1901-2000 | ||
| 388 | _a1945-1989 | ||
| 490 | 1 | _aSkrypty WPW dla Kierunku Organizacja i Zarządzanie Przemysłem | |
| 504 | _aBibliografia na stronach 331-335. | ||
| 650 | _aBadania operacyjne | ||
| 650 | _aTeoria masowej obsługi | ||
| 650 | _aTeoria decyzji | ||
| 650 | _aOptymalizacja | ||
| 655 | _aPodręczniki akademickie | ||
| 658 | _aZarządzanie i marketing | ||
| 710 | _aWydawnictwa Politechniki Warszawskiej | ||
| 830 | 0 | _a Skrypty WPW dla Kierunku Organizacja i Zarządzanie Przemysłem - Politechnika Warszawska | |
| 856 |
_uhttp://koha.tu.koszalin.pl/cgi-bin/koha/opac-detail.pl?biblionumber=3567 _yKatalog online BPK |
||
| 942 |
_cKS _2UKD |
||
| 999 |
_c3567 _d3567 |
||